Lenguaje y creación: E.G.B. 7

Kaydedildi:
Detaylı Bibliyografya
Yazar: Fernández Fraile, Maximino (Yazar)
Materyal Türü: Kitap
Dil:İspanyolca
Baskı/Yayın Bilgisi: Santiago Didascalia 1984
Konular:
Etiketler: Etiketle
Etiket eklenmemiş, İlk siz ekleyin!

MARC

LEADER 00000nam a2200000 a 4500
001 UCW6095
003 CL-VaPUC
008 911011e19840000CL |||||||||||||||||spa|d
082 0 4 |a 372.6  |b FER  |2 21 
100 0 |a Fernández Fraile, Maximino  |e author  |9 311062 
245 1 0 |a Lenguaje y creación: E.G.B. 7 
300 |a 151 p 
942 |c BK 
945 |d 19911011 00:00:00 
260 |a Santiago  |b Didascalia  |c 1984 
650 7 |a ESPAÑOL LIBROS DE TEXTO  |2 CL-VaPUC  |9 307657 
650 7 |a LIBROS DE LECTURA EDUCACION BASICA  |2 CL-VaPUC  |9 307959 
583 |a last modification  |c 19911011 00:00:00  |k Rodrigo Vera 
999 |c 219259  |d 219257 
952 |0 0  |1 0  |4 0  |6 372_600000000000000_FER_1984  |7 0  |8 P  |9 209940  |a BIBEDU  |b BIBEDU  |c BIBEDU_PB  |d 2019-11-15  |i 2780380  |o 372.6 FER 1984  |p 2780380  |r 2024-01-25  |w 2019-11-15  |y BK  |k EDU